| 000 | 00590nam a2200241Ia 4500 | ||
|---|---|---|---|
| 001 | 12565 | ||
| 003 | GE_BSU | ||
| 008 | 181216s||||||||xx |||||||||||||| ||und|| | ||
| 020 | _a9782011558176 | ||
| 040 | _cGE_BSU | ||
| 080 | _a811.133.1 | ||
| 100 | _aBerthet,Annie. Daill, Emmanuelle. Catherine,Hugot.... | ||
| 245 | _aAlter Ego.Guide pedagogique. A.2 | ||
| 260 | _aParis | ||
| 260 | _bHachette | ||
| 260 | _c2013 | ||
| 300 | _a240p.ill.29cm. | ||
| 541 | _h77Gel. | ||
| 653 | _aAlter Ego. | ||
| 653 | _aGuide pedagogique. | ||
| 653 | _aგრამატიკა | ||
| 942 | _cBK | ||
| 999 |
_c45738 _d45738 |
||